A COMPREHENSIVE TB. OF OBST. & GYNECOLOGY (Record no. 6874)

MARC details
000 -LEADER
fixed length control field 00351nam a2200133Ia 4500
008 - FIXED-LENGTH DATA ELEMENTS--GENERAL INFORMATION
fixed length control field 150301s2011 xx 000 0 und d
082 ## - DEWEY DECIMAL CLASSIFICATION NUMBER
Classification number 610.7367
Item number C11G
100 ## - MAIN ENTRY--PERSONAL NAME
Personal name GUPTA, SADHANA
245 #2 - TITLE STATEMENT
Title A COMPREHENSIVE TB. OF OBST. & GYNECOLOGY
260 ## - PUBLICATION, DISTRIBUTION, ETC. (IMPRINT)
Name of publisher, distributor, etc. JAYPEE MEDICAL PUB.
Date of publication, distribution, etc. 2011
300 ## - PHYSICAL DESCRIPTION
Extent 663
650 ## - SUBJECT ADDED ENTRY--TOPICAL TERM
Topical term or geographic name as entry element OBST. & GYNECOLOGY
942 ## - ADDED ENTRY ELEMENTS (KOHA)
Source of classification or shelving scheme Dewey Decimal Classification
Koha item type Books
Koha issues (borrowed), all copies 15
Holdings
Withdrawn status Lost status Source of classification or shelving scheme Damaged status Not for loan Collection code Home library Current library Shelving location Date acquired Source of acquisition Cost, normal purchase price SGTU Bill Number Total Checkouts Full call number Barcode Date last seen Date last checked out Bill Date Koha item type
    Dewey Decimal Classification     NURSING SGT Medical Library SGT Medical Library Text Book 02/07/2015 ABC DELHI 850.00 SGTU 5533 11 610.7367 C11G FN2940 23/03/2026 09/03/2026 25/03/2015 Books
    Dewey Decimal Classification     NURSING SGT Medical Library SGT Medical Library Text Book 02/07/2015 ABC DELHI 850.00 SGTU 5533 13 610.7367 C11G FN2941 04/04/2026 04/04/2026 25/03/2015 Books
    Dewey Decimal Classification     NURSING SGT Medical Library SGT Medical Library Text Book 02/07/2015 ABC DELHI 850.00 SGTU 5533 3 610.7367 C11G FN2942 10/04/2026 25/03/2026 25/03/2015 Books
    Dewey Decimal Classification     NURSING SGT Medical Library SGT Medical Library Text Book 02/07/2015 ABC DELHI 850.00 SGTU 5533 3 610.7367 C11G FN2943 01/01/2025 28/12/2024 25/03/2015 Books